Statistics for Most Snake Infested U.S. States

Click here to take the quiz!

General Stats

  • This quiz has been taken 37 times
  • The average score is 9 of 10

Answer Stats

HintAnswer% Correct
46Florida
100%
52Arizona
94%
46New Mexico
92%
68Texas
92%
52Nevada
89%
46Georgia
86%
48Louisiana
86%
43Alabama
83%
46Oklahoma
75%
47Missouri
56%

Score Distribution

Percentile by Number Answered

Percent of People with Each Score

Your Score History

You have not taken this quiz